000 00575cam a2200217 a 4500
001 4190140
005 20180109043603.0
008 800811m19819999maua b 001 0 eng
010 _a 80020903
020 _a088410625X (v. 1)
040 _aDLC
_cDLC
_dDLC
041 _aeng
080 _a363.7058 TOL
082 0 0 _a363.7058 TOL
_219
100 _a9
101 _aMJE
245 0 0 _aEnvironmental policy /
_cGeorge S. Tolley ... [et al.].
504 _aIncludes bibliographies and indexes.
906 _a7
_bcbc
_corignew
_d1
_eocip
_f19
_gy-gencatlg
942 _2ddc
_cBK
999 _c39875
_d39875